भोजपुरी लोकसाहित्य / (Record no. 120328)

MARC details
000 -LEADER
fixed length control field 01241nam a22002657a 4500
005 - DATE AND TIME OF LATEST TRANSACTION
control field 20170124103156.0
010 ## - LIBRARY OF CONGRESS CONTROL NUMBER
LC control number B-077003
020 ## - INTERNATIONAL STANDARD BOOK NUMBER
Terms of availability 400.00
International Standard Book Number 8171243029
035 ## - SYSTEM CONTROL NUMBER
System control number B-077003
037 ## - SOURCE OF ACQUISITION
Source of stock number/acquisition Cen Lib/Ret
040 ## - CATALOGING SOURCE
Original cataloging agency DPL
Language of cataloging HN
082 ## - DEWEY DECIMAL CLASSIFICATION NUMBER
Classification number 398.21
Item number उपाध्या
100 ## - MAIN ENTRY--PERSONAL NAME
Personal name उपाध्याय, कृष्णदेव
9 (RLIN) 89733
245 ## - TITLE STATEMENT
Title भोजपुरी लोकसाहित्य /
Statement of responsibility, etc कृष्णदेव उपाध्याय
246 ## - VARYING FORM OF TITLE
Title proper/short title Bhojpuri lok sahitya /
Remainder of title by Krishndev Upadhyaya
260 ## - PUBLICATION, DISTRIBUTION, ETC. (IMPRINT)
Place of publication, distribution, etc वाराणसी
Name of publisher, distributor, etc विश्वविद्यापाया प्रकाशन
Date of publication, distribution, etc 2002
270 ## - ADDRESS
City वाराणसी
Address चौक
Postal code 221001
300 ## - PHYSICAL DESCRIPTION
Extent xv,432पृ.
Dimensions 19सेमी(सजिल्द )
500 ## - GENERAL NOTE
General note परिशिष्ट शामिल
650 ## - SUBJECT ADDED ENTRY--TOPICAL TERM
Topical term or geographic name as entry element लोक साहित्य, भोजपुरी - इतिहास और आलोचना
General subdivision
Geographic subdivision
9 (RLIN) 89734
650 ## - SUBJECT ADDED ENTRY--TOPICAL TERM
Topical term or geographic name as entry element लोक साहित्य, भोजपुरी
9 (RLIN) 1793
650 ## - SUBJECT ADDED ENTRY--TOPICAL TERM
Topical term or geographic name as entry element Folk literature, Bhojpuri -- History and criticism.
9 (RLIN) 89735
650 ## - SUBJECT ADDED ENTRY--TOPICAL TERM
Topical term or geographic name as entry element Folk literature, Bhojpuri
9 (RLIN) 89736
942 ## - ADDED ENTRY ELEMENTS (KOHA)
Source of classification or shelving scheme Dewey Decimal Classification
Koha item type Hindi Books
Classification part 398.21
Call number suffix उपाध्या
Holdings
Withdrawn status Lost status Damaged status Not for loan Home library Current library Date acquired Source of acquisition Cost, normal purchase price Total Checkouts Total Renewals Full call number Barcode Date last seen Date checked out Copy number Cost, replacement price Price effective from Koha item type
        Central Library Central Library 22/09/2015 Cen Lib/Ref 400.00 4 4 398.21 उपाध्या B-077003 15/02/2020 23/01/2020 1 400.00 22/09/2015 Hindi Books

© Delhi Public Library
Hit Counter
free hit counter